Budovanie informačných systémov pre podporu procesného riadenia
Charakteristika procesného riadenia. Delenie procesov na riadiace, hlavné a podporné procesy. SOA - architektúra procesne orientovaných informačných systémov. Orchestrácia služieb obchodných procesov. Fázy budovania a prevádzky procesne orientovaných informačných systémov: analýza procesu, implement...
Enregistré dans:
| Auteur principal: | |
|---|---|
| Format: | Chapitre de livre |
| Langue: | slovaque |
| Sujets: | |
| Tags: |
Pas de tags, Soyez le premier à ajouter un tag!
|
MARC
| LEADER | 00000naa$a2200000$$$4500 | ||
|---|---|---|---|
| 001 | 0073453 | ||
| 005 | 20240502071855.0 | ||
| 041 | 0 | |a slo | |
| 044 | |a SK | ||
| 245 | 1 | 0 | |a Budovanie informačných systémov pre podporu procesného riadenia |c Peter Škurla |
| 520 | |a Charakteristika procesného riadenia. Delenie procesov na riadiace, hlavné a podporné procesy. SOA - architektúra procesne orientovaných informačných systémov. Orchestrácia služieb obchodných procesov. Fázy budovania a prevádzky procesne orientovaných informačných systémov: analýza procesu, implementácia procesu, monitorovanie procesu a optimalizácia procesu. Popis jednotlivých fáz procesu. | ||
| 610 | 2 | 0 | |a systémy informačné podnikové |
| 610 | 2 | 0 | |a technológie informačné |
| 610 | 2 | 0 | |a technológie komunikačné |
| 610 | 2 | 0 | |a riadenie podnikové |
| 610 | 2 | 0 | |a riadenie procesné |
| 610 | 2 | 0 | |a služby |
| 610 | 2 | 0 | |a obchod |
| 100 | 1 | |a Škurla, Peter | |